Loading...

Restructuring and managing the enterprise in transition

Bibliographic Details
Main Author: Crum, Roy L
Other Authors: Goldberg, Itzhak
Format: Printed Book
Language:Undetermined
Published: Washington World bank 1998
LEADER 00574nam a2200157Ia 4500
008 161229s9999 xx 000 0 und d
020 |a 0821336584 
082 |a 332.15 CRU/RE 
100 |a Crum, Roy L 
245 |a Restructuring and managing the enterprise in transition 
260 |b World bank  |a Washington  |c 1998 
300 |a 407 
700 |a Goldberg, Itzhak 
942 |c BK 
999 |c 154489  |d 154489 
952 |0 0  |1 0  |4 0  |6 332_150000000000000_CRURE  |7 0  |9 153566  |a KAUCLV  |b KAUCLV  |d 2016-12-29  |o 332.15 CRU/RE  |p 905798  |r 2016-12-29  |w 2016-12-29  |y BK  |z Book transferred from CCBM Library ,Acc.No:7926